Statistics for Top 10 Irish PL scorers

Click here to take the quiz!

General Stats

  • This quiz has been taken 7 times
  • The average score is 4 of 10

Answer Stats

HintAnswer% Correct
39 | 126Keane
100%
54Duff
57%
46Long
57%
59Quinn
43%
37Doyle
43%
43Walters
0%
28Harte
0%
23Delap
0%
21Hunt
0%

Score Distribution

Percentile by Number Answered

Percent of People with Each Score

Your Score History

You have not taken this quiz